[Event "Mezokovesd Hegedus Memorial 4th"]
[Site "Mezokovesd"]
[Date "2023.12.29"]
[Round "5"]
[White "Pota, Lajos"]
[Black "Bojtar, Lajos"]
[Result "1-0"]
[WhiteElo "1510"]
[BlackElo "1262"]
[PlyCount "71"]
[EventDate "2023.12.27"]
[EventType "swiss"]
[EventRounds "6"]
[EventCountry "HUN"]
[SourceTitle "CB01_2024"]
[SourceDate "2024.01.03"]
[SourceVersion "1"]
[SourceVersionDate "2024.01.03"]
[SourceQuality "1"]

1. d4 d5 2. c4 c6 3. Nc3 h6 4. Nf3 a6 5. a3 Bf5 6. Ne5 Nf6 7. Bf4 e6 8. e3 Bd6 9. c5 Bc7 10. Bd3 Bh7 11. Bxh7 Nxh7 12. Qg4 Qf6 13. h4 Bxe5 14. Bxe5 Qg6 15. Qxg6 fxg6 16. Bxg7 Rg8 17. Bxh6 Nd7 18. Bf4 0-0-0 19. g4 Rdf8 20. g5 Rf5 21. Ke2 Rg7 22. Bd6 Rgf7 23. f4 b6 24. b4 b5 25. a4 Kb7 26. axb5 cxb5 27. h5 Nhf8 28. h6 Nh7 29. Ra5 Ndf8 30. Rha1 Nd7 31. Nxb5 axb5 32. Rxb5+ Kc8 33. Ra8+ Nb8 34. Raxb8+ Kd7 35. R5b7+ Kc6 36. b5# 1-0

[Event "HUN-chT2 Barcza 1516"]
[Site "Hungary"]
[Date "2016.04.17"]
[Round "11.10"]
[White "Pota, Lajos"]
[Black "Kun, Sandor"]
[Result "1/2-1/2"]
[WhiteElo "1664"]
[BlackElo "2052"]
[PlyCount "82"]
[EventDate "2015.09.13"]
[EventType "team-tourn"]
[EventRounds "11"]
[EventCountry "HUN"]
[SourceTitle "EXT 2017"]
[Source "ChessBase"]
[SourceDate "2016.10.25"]
[SourceVersion "1"]
[SourceVersionDate "2016.10.25"]
[SourceQuality "1"]
[WhiteTeam "Mezokovesd"]
[BlackTeam "Kwizda Sakkiskola"]
[WhiteTeamCountry "HUN"]
[BlackTeamCountry "HUN"]

1. d4 d5 2. c4 e6 3. Nc3 Nf6 4. Nf3 c5 5. cxd5 exd5 6. Bg5 Be6 7. dxc5 Bxc5 8. e3 0-0 9. Bd3 Nc6 10. 0-0 h6 11. Bh4 Be7 12. Rc1 Qd7 13. Bb1 Rfd8 14. Bg3 Rac8 15. Qd3 g6 16. Nd4 Nxd4 17. Qxd4 Rc4 18. Qxa7 Bc5 19. Qa5 Bb4 20. Qb6 Bxc3 21. Rxc3 Rxc3 22. bxc3 Rc8 23. Be5 Ne4 24. Rc1 Nd2 25. h3 Nc4 26. Qd4 Kh7 27. h4 h5 28. e4 dxe4 29. Qxe4 Nd2 30. Qd4 Qxd4 31. Bxd4 Nxb1 32. Rxb1 Bd5 33. Rb5 Bc6 34. Rb2 Ra8 35. Bf6 Kg8 36. Rd2 Kf8 37. c4 Ke8 38. c5 Bd7 39. Rb2 Bc6 40. Re2+ Kf8 41. Rd2 Ke8 1/2-1/2

[Event "HUN-chT2 Barcza 1415"]
[Site "Hungary"]
[Date "2014.12.14"]
[Round "?"]
[White "Fabian, Lajos"]
[Black "Pota, Lajos"]
[Result "1-0"]
[WhiteElo "1790"]
[BlackElo "1726"]
[PlyCount "85"]
[EventDate "2014.09.07"]
[EventType "team-tourn"]
[EventRounds "11"]
[EventCountry "HUN"]
[SourceTitle "EXT 2016"]
[Source "ChessBase"]
[SourceDate "2015.10.08"]
[SourceVersion "1"]
[SourceVersionDate "2015.10.08"]
[SourceQuality "1"]
[WhiteTeam "Sajobabony"]
[BlackTeam "Mezokovesd"]
[WhiteTeamCountry "HUN"]
[BlackTeamCountry "HUN"]

1. e4 c5 2. Nf3 Nc6 3. d4 cxd4 4. Nxd4 e5 5. Nxc6 bxc6 6. Bc4 Nf6 7. Qe2 Be7 8. 0-0 0-0 9. Nc3 a5 10. Bg5 Qb6 11. Bxf6 Bxf6 12. Rab1 a4 13. Rfd1 Rd8 14. Qh5 Rf8 15. a3 g6 16. Qf3 Bg7 17. Qd3 Qc5 18. Na2 Rd8 19. Nb4 Qe7 20. Nxc6 Qf8 21. Nxd8 Qxd8 22. Qd5 Rb8 23. Qxf7+ Kh8 24. b4 Rb6 25. Be6 Rb7 26. Rd6 Qf8 27. Qxf8+ Bxf8 28. Rd5 Rc7 29. Bh3 Rxc2 30. Rxe5 Kg7 31. Ra5 Bb7 32. Rxa4 Bxe4 33. Rd1 Bc6 34. Ra7 Kf6 35. Bxd7 Bd5 36. f3 Bb3 37. Ba4 Rb2 38. Bxb3 Rxb3 39. f4 Bh6 40. g3 Bf8 41. g4 h6 42. Ra6+ Kf7 43. Rd7+ 1-0

[Event "HUN-chT2 Barcza 1415"]
[Site "Hungary"]
[Date "2014.10.12"]
[Round "?"]
[White "Pota, Lajos"]
[Black "Kun, Sandor"]
[Result "0-1"]
[WhiteElo "1726"]
[BlackElo "2015"]
[PlyCount "72"]
[EventDate "2014.09.07"]
[EventType "team-tourn"]
[EventRounds "11"]
[EventCountry "HUN"]
[SourceTitle "EXT 2016"]
[Source "ChessBase"]
[SourceDate "2015.10.08"]
[SourceVersion "1"]
[SourceVersionDate "2015.10.08"]
[SourceQuality "1"]
[WhiteTeam "Mezokovesd"]
[BlackTeam "Debrecen Sakkiskola"]
[WhiteTeamCountry "HUN"]
[BlackTeamCountry "HUN"]

1. d4 d5 2. c4 e6 3. Nc3 Nf6 4. Nf3 Be7 5. Bf4 c6 6. e3 Nbd7 7. Bd3 dxc4 8. Bxc4 Nb6 9. Bd3 Nbd5 10. Be5 Qa5 11. 0-0 0-0 12. e4 Nxc3 13. bxc3 Ng4 14. Qc2 Nxe5 15. Nxe5 f6 16. Nc4 Qc7 17. f4 b5 18. Nd2 Bd7 19. e5 f5 20. c4 Rfc8 21. g4 g6 22. g5 Qd8 23. Nf3 Rab8 24. a4 a5 25. axb5 cxb5 26. c5 Bc6 27. Qb2 Bxc5 28. dxc5 Qxd3 29. Qd4 Rd8 30. Qxd3 Rxd3 31. Ne1 Rc3 32. Rxa5 Rxc5 33. Nd3 Rc2 34. Nb4 Rg2+ 35. Kh1 Be4 36. Rc1 Rc2+ 0-1

[Event "HUN-chT2 Erkel 1314"]
[Site "Hungary"]
[Date "2014.04.13"]
[Round "10.10"]
[White "Pota, Lajos"]
[Black "Somogyi, Gabor"]
[Result "0-1"]
[WhiteElo "1738"]
[BlackElo "1986"]
[PlyCount "84"]
[EventDate "2013.09.08"]
[EventType "team-tourn"]
[EventRounds "11"]
[EventCountry "HUN"]
[SourceTitle "EXT 2016"]
[Source "ChessBase"]
[SourceDate "2015.10.08"]
[SourceVersion "1"]
[SourceVersionDate "2015.10.08"]
[SourceQuality "1"]
[WhiteTeam "Mezokovesd"]
[BlackTeam "Dunaharaszti II"]
[WhiteTeamCountry "HUN"]
[BlackTeamCountry "HUN"]

1. d4 Nf6 2. c4 c5 3. d5 b5 4. cxb5 a6 5. b6 Qxb6 6. Nc3 g6 7. e4 d6 8. Bd3 Bg7 9. Nge2 0-0 10. 0-0 a5 11. a3 Ba6 12. Na4 Qc7 13. h3 Nbd7 14. Bf4 Nb6 15. Rb1 Bxd3 16. Nxb6 Bxb1 17. Nxa8 Rxa8 18. Qxb1 Rb8 19. Qc2 Qb6 20. Rb1 Nd7 21. Kh2 Qb3 22. Qxb3 Rxb3 23. Bd2 Bxb2 24. f4 a4 25. Bc1 Bxc1 26. Rxc1 Rxa3 27. Nc3 Kg7 28. e5 dxe5 29. fxe5 Nxe5 30. Ne4 c4 31. d6 exd6 32. Nxd6 Ra2 33. Nxc4 Nxc4 34. Rxc4 a3 35. Ra4 g5 36. h4 f6 37. hxg5 fxg5 38. Ra5 Kg6 39. Kh3 Ra1 40. g4 Kf6 41. Kg2 a2 42. Kh2 Ke6 0-1

[Event "HUN-chT2 Erkel 1213"]
[Site "Hungary"]
[Date "2013.01.27"]
[Round "6.10"]
[White "Pota, Lajos"]
[Black "Legrady, Laszlo Jr"]
[Result "0-1"]
[WhiteElo "1769"]
[BlackElo "1803"]
[PlyCount "80"]
[EventDate "2012.09.16"]
[EventType "team-tourn"]
[EventRounds "11"]
[EventCountry "HUN"]
[SourceTitle "EXT 2014"]
[Source "ChessBase"]
[SourceDate "2013.11.20"]
[SourceVersion "1"]
[SourceVersionDate "2013.11.20"]
[SourceQuality "1"]
[WhiteTeam "Mezokovesd"]
[BlackTeam "Szigetszentmiklos"]
[WhiteTeamCountry "HUN"]
[BlackTeamCountry "HUN"]

1. d4 Nf6 2. c4 e6 3. Nc3 d5 4. Bg5 Be7 5. Nf3 Nbd7 6. e3 0-0 7. Bd3 a6 8. 0-0 dxc4 9. Bxc4 b5 10. Bd3 Bb7 11. a3 Rc8 12. Rc1 c5 13. Bb1 b4 14. axb4 cxb4 15. Ne2 Qa5 16. Bxf6 Nxf6 17. Ng3 Bd6 18. Qd2 Bxf3 19. gxf3 g6 20. e4 Bxg3 21. hxg3 Qb6 22. Kg2 Rxc1 23. Rxc1 Rd8 24. Qg5 Qxd4 25. e5 Nh5 26. Rh1 Rd5 27. Rxh5 Qd2 28. f4 Qxb2 29. Rh1 Rd2 30. Rf1 a5 31. Qe7 b3 32. Qe8+ Kg7 33. Qa4 Qc3 34. Qe8 Qd4 35. Qa8 a4 36. Qe4 a3 37. Qf3 a2 38. Bxa2 bxa2 39. Qa8 Rxf2+ 40. Rxf2 a1Q 0-1

[Event "HUN-chT2 Erkel 1213"]
[Site "Hungary"]
[Date "2012.10.07"]
[Round "2.10"]
[White "Pota, Lajos"]
[Black "Gorcsi, Gabor"]
[Result "0-1"]
[WhiteElo "1769"]
[BlackElo "1872"]
[PlyCount "140"]
[EventDate "2012.09.16"]
[EventType "team-tourn"]
[EventRounds "11"]
[EventCountry "HUN"]
[SourceTitle "EXT 2014"]
[Source "ChessBase"]
[SourceDate "2013.11.20"]
[SourceVersion "1"]
[SourceVersionDate "2013.11.20"]
[SourceQuality "1"]
[WhiteTeam "Mezokovesd"]
[BlackTeam "Paszto"]
[WhiteTeamCountry "HUN"]
[BlackTeamCountry "HUN"]

1. d4 Nf6 2. c4 g6 3. Nc3 Bg7 4. e4 d6 5. f4 0-0 6. Nf3 c6 7. Bd3 Qc7 8. e5 Ne8 9. 0-0 c5 10. d5 Bg4 11. Nb5 Qc8 12. Qe1 a6 13. Nc3 b5 14. Ne4 Bxf3 15. Rxf3 dxe5 16. Qh4 exf4 17. Rh3 h5 18. Qxe7 Bd4+ 19. Kh1 Nd7 20. Bxf4 Nef6 21. Ng5 Qe8 22. Qd6 Ng4 23. Bg3 Be5 24. Bxe5 Nf2+ 25. Kg1 Nxh3+ 26. Nxh3 Nxe5 27. Bf1 Nxc4 28. Qxc5 Qe3+ 29. Qxe3 Nxe3 30. Be2 Nxd5 31. Bf3 Rad8 32. Rc1 Nb4 33. a3 Nd3 34. Rc6 Ne5 35. Rxa6 Nxf3+ 36. gxf3 Rd1+ 37. Kg2 Rd2+ 38. Kg3 Rxb2 39. Ng5 Ra2 40. Rb6 Rxa3 41. Rxb5 Ra7 42. Rb6 Kg7 43. h4 Rc8 44. Ne4 Rc1 45. Ng5 Rg1+ 46. Kf2 Rh1 47. Kg3 Ra5 48. Rb7 Rg1+ 49. Kf4 Rf5+ 50. Ke3 Rfxg5 51. hxg5 Rxg5 52. Kf4 Ra5 53. Kg3 g5 54. Kh3 Kg6 55. Rb6+ f6 56. Rb4 h4 57. Rb3 Rf5 58. Ra3 Kh5 59. Kg2 Rc5 60. Kh3 Kg6 61. Rb3 Kf5 62. Ra3 Kf4 63. Rb3 f5 64. Ra3 Rc1 65. Rb3 g4+ 66. fxg4 fxg4+ 67. Kg2 Rc2+ 68. Kh1 g3 69. Kg1 Kg4 70. Rb4+ Kh3 0-1

[Event "HUN-chT2 Barcza 1011"]
[Site "Hungary"]
[Date "2011.04.10"]
[Round "8.10"]
[White "Pota, Lajos"]
[Black "Barnoth, Robert"]
[Result "1/2-1/2"]
[WhiteElo "1845"]
[BlackElo "1646"]
[PlyCount "127"]
[EventDate "2010.09.12"]
[EventType "team-tourn"]
[EventRounds "11"]
[EventCountry "HUN"]
[SourceTitle "EXT 2012"]
[Source "ChessBase"]
[SourceDate "2011.11.24"]
[SourceVersion "1"]
[SourceVersionDate "2011.11.24"]
[SourceQuality "1"]
[WhiteTeam "Mezokovesd"]
[BlackTeam "Tiszavasvar"]
[WhiteTeamCountry "HUN"]
[BlackTeamCountry "HUN"]

1. d4 d5 2. c4 e6 3. Nf3 c5 4. Nc3 cxd4 5. Qxd4 Nc6 6. Qd1 Bb4 7. cxd5 Qxd5 8. Bd2 Qd8 9. e4 h6 10. Bb5 Bd7 11. 0-0 Nf6 12. Re1 0-0 13. a3 Bxc3 14. Bxc3 a6 15. Bc4 Bc8 16. Qxd8 Rxd8 17. Bxf6 gxf6 18. Rad1 Rxd1 19. Rxd1 b5 20. Ba2 Kf8 21. b4 Ke7 22. Nd4 Nxd4 23. Rxd4 Bb7 24. f3 Rc8 25. Rd2 Rc3 26. a4 bxa4 27. Kf2 Bc6 28. Rb2 Bb5 29. h4 Kd6 30. f4 Kc6 31. f5 Bc4 32. Ke1 Bxa2 33. Rxa2 Kb5 34. fxe6 fxe6 35. Rf2 Re3+ 36. Kd2 Rxe4 37. Rxf6 Kxb4 38. Rxh6 a3 39. Kc2 Re2+ 40. Kd3 a2 41. Kxe2 a1Q 42. g4 Qg7 43. g5 a5 44. Rxe6 Qb2+ 45. Kf3 Qb3+ 46. Re3 Qf7+ 47. Kg4 a4 48. h5 Qd7+ 49. Kf4 Qf7+ 50. Kg4 a3 51. Re4+ Kb5 52. g6 Qf6 53. Rf4 Qe6+ 54. Rf5+ Kb4 55. Kg5 Qe3+ 56. Rf4+ Kb3 57. g7 Qe5+ 58. Kg6 Qe6+ 59. Kh7 a2 60. Rf3+ Ka4 61. Rf1 Qe4+ 62. Kh8 Qe5 63. h6 a1Q 64. Rxa1+ 1/2-1/2

[Event "HUN-chT2 Barcza 0910"]
[Site "Hungary"]
[Date "2010.04.18"]
[Round "10.10"]
[White "Szava, Miklos"]
[Black "Pota, Lajos"]
[Result "1-0"]
[WhiteElo "2094"]
[BlackElo "1863"]
[PlyCount "49"]
[EventDate "2009.11.08"]
[EventType "team-tourn"]
[EventRounds "11"]
[EventCountry "HUN"]
[SourceTitle "EXT 2011"]
[Source "ChessBase"]
[SourceDate "2010.11.26"]
[SourceVersion "1"]
[SourceVersionDate "2010.11.26"]
[SourceQuality "1"]
[WhiteTeam "Debrecen Sakkbaratok"]
[BlackTeam "Mezokovesd"]
[WhiteTeamCountry "HUN"]
[BlackTeamCountry "HUN"]

1. e4 c5 2. d4 cxd4 3. c3 d3 4. Bxd3 Nc6 5. c4 e5 6. Nf3 Nf6 7. 0-0 Bc5 8. Nc3 d6 9. Bg5 Be6 10. Nd5 0-0 11. Qd2 Bxd5 12. exd5 Nd4 13. Nxd4 Bxd4 14. Rad1 Kh8 15. Kh1 Rg8 16. f4 Qf8 17. Rf3 Nd7 18. Bxh7 Nf6 19. Bf5 Nh5 20. Rh3 g6 21. Bf6+ Rg7 22. Bg4 Kg8 23. Bxh5 gxh5 24. f5 Qc8 25. Qh6 1-0

[Event "HUN-chT2 Barcza 0910"]
[Site "Hungary"]
[Date "2010.04.11"]
[Round "9.10"]
[White "Sandor, Akos"]
[Black "Pota, Lajos"]
[Result "1/2-1/2"]
[WhiteElo "1706"]
[BlackElo "1863"]
[PlyCount "75"]
[EventDate "2009.11.08"]
[EventType "team-tourn"]
[EventRounds "11"]
[EventCountry "HUN"]
[SourceTitle "EXT 2011"]
[Source "ChessBase"]
[SourceDate "2010.11.26"]
[SourceVersion "1"]
[SourceVersionDate "2010.11.26"]
[SourceQuality "1"]
[WhiteTeam "Edeleny"]
[BlackTeam "Mezokovesd"]
[WhiteTeamCountry "HUN"]
[BlackTeamCountry "HUN"]

1. e4 c5 2. Nf3 Nc6 3. d4 cxd4 4. Nxd4 e5 5. Nb3 Nf6 6. Bd3 Be7 7. 0-0 0-0 8. Nc3 d6 9. f3 Be6 10. Be3 d5 11. exd5 Nxd5 12. Nxd5 Bxd5 13. c3 Be6 14. Bc2 Qxd1 15. Raxd1 Rfd8 16. Rxd8+ Rxd8 17. Rd1 f5 18. Rxd8+ Bxd8 19. Kf1 b6 20. Ke2 g5 21. Bf2 h5 22. Nd2 Kf7 23. Bb3 Bc7 24. h3 Ne7 25. Bxe6+ Kxe6 26. c4 Ng6 27. Bg3 Nf4+ 28. Bxf4 exf4 29. b4 Bd6 30. a3 a5 31. bxa5 bxa5 32. a4 Ke5 33. Kd3 h4 34. Nb3 Bb4 35. Nd4 Be1 36. Nc6+ Kd6 37. Nd4 Ke5 38. Nc6+ 1/2-1/2

[Event "HUN-chT2 Barcza 0910"]
[Site "Hungary"]
[Date "2010.01.31"]
[Round "5.10"]
[White "Szabo, Istvan1111"]
[Black "Pota, Lajos"]
[Result "1/2-1/2"]
[WhiteElo "1952"]
[BlackElo "1863"]
[PlyCount "50"]
[EventDate "2009.11.08"]
[EventType "team-tourn"]
[EventRounds "11"]
[EventCountry "HUN"]
[SourceTitle "EXT 2011"]
[Source "ChessBase"]
[SourceDate "2010.11.26"]
[SourceVersion "1"]
[SourceVersionDate "2010.11.26"]
[SourceQuality "1"]
[WhiteTeam "Debrecen Betu"]
[BlackTeam "Mezokovesd"]
[WhiteTeamCountry "HUN"]
[BlackTeamCountry "HUN"]

1. d4 e6 2. c4 d5 3. Nc3 Nf6 4. Bg5 Be7 5. e3 0-0 6. Nf3 h6 7. h4 b6 8. cxd5 Nxd5 9. Bxe7 Qxe7 10. Rc1 Bb7 11. Be2 c6 12. Nxd5 exd5 13. 0-0 Nd7 14. Qa4 a5 15. Bd3 c5 16. Bb5 Rfd8 17. Rfd1 c4 18. Bc6 Bxc6 19. Qxc6 Qe6 20. Qxe6 fxe6 21. Ne1 Rab8 22. Nf3 Ra8 23. Ne1 Rab8 24. Nf3 Ra8 25. Ne1 Rab8 1/2-1/2

[Event "Eger Agria op"]
[Site "Eger"]
[Date "2009.07.24"]
[Round "4"]
[White "Demeter, Istvan"]
[Black "Pota, Lajos"]
[Result "1-0"]
[WhiteElo "2104"]
[BlackElo "1878"]
[PlyCount "73"]
[EventDate "2009.07.22"]
[EventType "swiss"]
[EventRounds "7"]
[EventCountry "HUN"]
[SourceTitle "EXT 2011"]
[Source "ChessBase"]
[SourceDate "2010.11.26"]
[SourceVersion "1"]
[SourceVersionDate "2010.11.26"]
[SourceQuality "1"]

1. e4 c5 2. Nf3 Nc6 3. d4 cxd4 4. Nxd4 e5 5. Nb5 a6 6. Nd6+ Bxd6 7. Qxd6 Qe7 8. Qd1 d6 9. Nc3 Nf6 10. Bg5 Be6 11. Nd5 Bxd5 12. exd5 Na7 13. Be2 h6 14. Bh4 g5 15. Bg3 Qc7 16. Qd3 Qa5+ 17. c3 Qxd5 18. Qxd5 Nxd5 19. 0-0-0 Nf4 20. Bxf4 gxf4 21. Rxd6 Rd8 22. Rb6 Nc8 23. Rxb7 0-0 24. Bxa6 Nd6 25. Rb6 Kg7 26. Rd1 Ne4 27. f3 Rxd1+ 28. Kxd1 Rd8+ 29. Ke2 Nd6 30. a4 f5 31. a5 e4 32. fxe4 fxe4 33. Rxd6 Rxd6 34. Bc4 Kf6 35. a6 Rd7 36. b4 Ke5 37. b5 1-0

[Event "Eger Tavasz op"]
[Site "Eger"]
[Date "2009.05.29"]
[Round "1"]
[White "Pota, Lajos"]
[Black "Nemeth, Attila"]
[Result "1-0"]
[WhiteElo "1890"]
[BlackElo "1568"]
[PlyCount "75"]
[EventDate "2009.05.29"]
[EventType "swiss"]
[EventRounds "7"]
[EventCountry "HUN"]
[SourceTitle "EXT 2011"]
[Source "ChessBase"]
[SourceDate "2010.11.26"]
[SourceVersion "1"]
[SourceVersionDate "2010.11.26"]
[SourceQuality "1"]

1. d4 Nf6 2. Bg5 Ne4 3. Bh4 g6 4. f3 Nf6 5. e4 d5 6. Bd3 Bg7 7. Ne2 0-0 8. 0-0 b6 9. e5 Nfd7 10. f4 c5 11. c3 Nc6 12. f5 cxd4 13. cxd4 Nxd4 14. Nxd4 Bxe5 15. Nc6 Qc7 16. Nxe5 Qxe5 17. Nc3 Nc5 18. Bc2 d4 19. Bg3 Qe3+ 20. Bf2 Qg5 21. h4 Qh6 22. Qxd4 Bxf5 23. Bxf5 gxf5 24. Be3 Rfd8 25. Qf4 Qxf4 26. Rxf4 Nd3 27. Rxf5 Nxb2 28. Bh6 Rd6 29. Bf4 Rd7 30. Ne4 Nc4 31. Bh6 Rad8 32. Raf1 Nd6 33. Rg5+ Kh8 34. Bg7+ Kg8 35. Be5+ Kf8 36. Bxd6 exd6 37. Nf6 Rc7 38. Re1 1-0